Stereotype und Vorurteile als Hindernis der Verständigung diplomová práca

Salvato in:
Dettagli Bibliografici
Autore principale: Mazúrová, Denisa
Ente Autore: Fakulta aplikovaných jazykov EU v Bratislave. Katedra interkultúrnej komunikácie
Altri autori: Helmová, Milena, 1954-
Natura: Libro
Lingua:tedesco
Pubblicazione: Bratislava 2016
Tags: Aggiungi Tag
Nessun Tag, puoi essere il primo ad aggiungerne!!

MARC

LEADER 00000nbm a2200000 4500
001 0217413
005 20170306152308.3
041 0 |a ger 
044 |a SK 
245 1 0 |a Stereotype und Vorurteile als Hindernis der Verständigung  |b diplomová práca  |c Denisa Mazúrová ; školiteľ: Milena Helmová 
264 1 |a Bratislava  |c 2016 
300 |a 74 s. 
100 1 |a Mazúrová, Denisa 
700 1 |a Helmová, Milena, 1954- 
710 2 |a Fakulta aplikovaných jazykov EU v Bratislave. Katedra interkultúrnej komunikácie